000 00674cam a2200193 4500500
005 20260405001307.0
041 _afre
042 _adc
100 1 0 _aLacroix, Alexandre
_eauthor
245 0 0 _aJacques Rancière: “Le modèle m’en venait de ces ouvriers en lutte dont j’avais, vingt ans plus tôt, étudié les textes”
260 _c2012.
500 _a98
690 _aEurêka
690 _aJacques Rancière
690 _aMésentente
690 _aRancière
786 0 _nPhilosophie magazine | 60 | 6 | 2012-06-01 | p. 46-46 | 1951-1787
856 4 1 _uhttps://shs.cairn.info/magazine-philosophie-magazine-2012-6-page-46?lang=fr&redirect-ssocas=7080
999 _c2046065
_d2046065